טוען...
Onnaam loka mahayudham
| מחבר ראשי: | |
|---|---|
| פורמט: | Printed Book |
| יצא לאור: |
1990
|
| LEADER | 003490000a22001090004500 | ||
|---|---|---|---|
| 040 | |a MAL | ||
| 082 | |a 940.3 32N0 | ||
| 100 | |a Vasudevan Pillai, N | ||
| 245 | |a Onnaam loka mahayudham | ||
| 260 | |c 1990 | ||
| 999 | |c 28863 |d 28863 | ||
| 952 | |0 0 |1 0 |4 0 |6 940_300000000000000_32N0 |7 0 |8 MAL |9 28702 |a MGUL |b MGUL |d 2013-07-16 |l 3 |o 940.3 32N0 |p 08647 |r 2017-07-03 |s 2017-06-08 |w 2013-07-16 |y BK | ||